000
00248nam a22001097a 4500
040
_c
RUA
082
_a
NAN JUN 1989 C217 Or.
245
_a
GLIRICIDIA: PRODUCTION AND USE.
260
_a
phnom penh
_b
rua
_c
1989
300
_a
v.43p.
_b
ill.
942
_c
REC
999
_c
22577
_d
22577